Vývoj a udržiavanie konkurenčnej výhody v automobilovom priemysle

Guardado en:
Detalles Bibliográficos
Autor principal: Vrtíková, Kristína
Formato: Capítulo de libro
Lenguaje:inglés
eslovaco
Etiquetas: Agregar Etiqueta
Sin Etiquetas, Sea el primero en etiquetar este registro!

MARC

LEADER 00000nla a2200000 4500
001 0195009
005 20240502073253.2
041 0 |a eng 
041 0 |a slo 
044 |a SK 
245 1 0 |a Vývoj a udržiavanie konkurenčnej výhody v automobilovom priemysle  |c Kristína Vrtíková 
500 |a Abstrakt 
100 1 |a Vrtíková, Kristína